Cơ sở dữ liệu

Đã lưu trong:
Chi tiết về thư mục
Tác giả chính: Moon Hwang up
Định dạng: Sách
Ngôn ngữ:Vietnamese
Được phát hành: Lao động xã hội 2000
Các nhãn: Thêm thẻ
Không có thẻ, Là người đầu tiên thẻ bản ghi này!
Thư viện lưu trữ: Mạng thư viện Đại học Đà Nẵng
LEADER 00619nam a2200277 4500
001 000026665
003 727
005 20150325120000.0
008 150325s vm 000 vie
020 |c 63,0000 
040 |a NOTTS 
100 |a Moon Hwang up 
245 |a Cơ sở dữ liệu 
260 |b Lao động xã hội  |c 2000 
300 |a 82tr. ; 
OWN |a LTT 
999 |a From the UDN01 
TYP |a Monograph 
TYP |a Printed language 
980 |a Mạng thư viện Đại học Đà Nẵng